| 000 | 01156cam a2200301 4500 | ||
|---|---|---|---|
| 008 | 020501n2002 000 0 eng u | ||
| 020 | _a0860175650 | ||
| 035 | _a(Sirsi) u117803 | ||
| 041 | _aeng. | ||
| 050 | _a614.7 | ||
| 100 | _aPostle, M. | ||
| 110 |
_aConstruction Industry Research and Information Association _94810 |
||
| 245 | _aGuidance on the costing of environmental pollution from construction | ||
| 260 |
_aLondon _bCIRIA _c2002 |
||
| 300 |
_a126p. _c30cm. |
||
| 490 |
_aCIRIA _vC565 |
||
| 520 | _aPollution poses increasing business risks. This guidance sets out simple methods for evaluating pollution potential and costs during pre-contract risk assessment. It can also be used by companies to analyse information on specific pollution incidents, and to build up a database to inform future decisions on environmental investment. | ||
| 650 | _aRISK ASSESSMENTS | ||
| 650 | _aBUILT ENVIRONMENT | ||
| 650 | _aSUSTAINABLE CONSTRUCTION | ||
| 650 | _aPOLLUTION | ||
| 650 | _aCOSTS | ||
| 650 | _aENVIRONMENTAL ISSUES | ||
| 650 | _aWASTE MANAGEMENT | ||
| 690 | _aBUILT ENVIRONMENT | ||
| 700 | _aVernon, J. | ||
| 942 | _n0 | ||
| 999 |
_c102062 _d102062 |
||